| 000 | 005660000a22001810004500 | ||
|---|---|---|---|
| 003 | MACL | ||
| 005 | 20160501150832.0 | ||
| 008 | 160501b xxu||||| |||| 00| 0 eng d | ||
| 040 |
_aMACL _cMACL |
||
| 041 | _aHindi | ||
| 082 | _a800 RAG | ||
| 100 |
_aरघुवंश _940079 |
||
| 245 |
_aआधुनिक परिस्थिति और हम लोग _cरघुवंश |
||
| 260 |
_bसाहित्य भण्डार _c2002 _aइलाहाबाद |
||
| 350 | _a150 | ||
| 650 |
_aLiterature _954815 |
||
| 942 |
_cHIN _k800/RAG/L _2ddc |
||
| 999 |
_c10912 _d10912 |
||